| 000 | 00609nam a2200229Ia 4500 | ||
|---|---|---|---|
| 003 | OSt | ||
| 005 | 20220918231045.0 | ||
| 006 | a|||||r|||| 00| 0 | ||
| 007 | ta | ||
| 008 | 220917b |||||||| |||| 00| 0 eng d | ||
| 024 | _a262,771 | ||
| 037 | _cTextual | ||
| 040 |
_aARTS _cARTS _beng |
||
| 041 |
_2eng _aeng |
||
| 082 | _aR694, L6 | ||
| 100 |
_aStcherbatsky Theodore _943224 |
||
| 245 | 0 | _aSoul theory of the Buddhists | |
| 260 |
_aVaranasi _bKishore Chand Jain _c1976 |
||
| 650 | _aPHILOSOPHY | ||
| 942 |
_hR694, L6 _cTEXL _2CC |
||
| 999 |
_c289679 _d289679 |
||